Logo CIB grande

Manufacturing Planning And Control For Supply Chain Management: The Cpim Reference (Registro nro. 236853)

Detalles MARC
000 -LEADER
campo de control de longitud fija 00813nam a2200229Ia 4500
005 - FECHA Y HORA DE LA ÚLTIMA TRANSACCIÓN
campo de control 20250425162816.0
008 - DATOS DE LONGITUD FIJA--INFORMACIÓN GENERAL
campo de control de longitud fija 250425s9999 xx 000 0 und d
020 ## - NÚMERO INTERNACIONAL ESTÁNDAR DEL LIBRO
Número Internacional Estándar del Libro 9781260108385
041 ## - CÓDIGO DE IDIOMA
--
Código de lengua original eng
082 ## - NÚMERO DE LA CLASIFICACIÓN DECIMAL DEWEY
Número de clasificación 658.5
Iniciales del Autor JAC
010 ## - NÚMERO DE CONTROL DE LA BIBLIOTECA DEL CONGRESO
Número de control de LC 109409
100 ## - ENTRADA PRINCIPAL--NOMBRE DE PERSONA
Nombre de persona Jacobs, F. Robert
245 #0 - MENCIÓN DEL TÍTULO
Título Manufacturing Planning And Control For Supply Chain Management: The Cpim Reference
Mención de responsabilidad, etc. F. Robert Jacobs; William L. Berry; D. Clay Whybark; Thomas E. Vollmann
260 ## - PUBLICACIÓN, DISTRIBUCIÓN, ETC.
Lugar de publicación, distribución, etc. New York
Nombre del editor, distribuidor, etc. Mc Graw Hill
Fecha de publicación, distribución, etc. 2018
300 ## - DESCRIPCIÓN FÍSICA
Extensión 617 páginas
Otras características físicas Ilustrado
Dimensiones 24.3 cm
500 ## - NOTA GENERAL
Nota general Tabla de contenido, Apendice, Indice
650 ## - PUNTO DE ACCESO ADICIONAL DE MATERIA--TÉRMINO DE MATERIA
Término de materia o nombre geográfico como elemento de entrada Control de producción
650 ## - PUNTO DE ACCESO ADICIONAL DE MATERIA--TÉRMINO DE MATERIA
Término de materia o nombre geográfico como elemento de entrada Logística empresarial
650 ## - PUNTO DE ACCESO ADICIONAL DE MATERIA--TÉRMINO DE MATERIA
Término de materia o nombre geográfico como elemento de entrada Planificación de la producción
700 ## - ENTRADA AGREGADA--NOMBRE PERSONAL
Nombre de persona Berry, William L.; Whybark, D. Clay; Vollmann, Thomas E.
942 ## - ELEMENTOS DE ENTRADA SECUNDARIOS (KOHA)
Tipo de ítem Koha Libros
Existencias
Estatus retirado Estado de pérdida Estado de daño No para préstamo Biblioteca de origen Biblioteca actual Fecha de adquisición Coste, precio normal de compra Etiqueta RFID Total de préstamos Código de barras Visto por última vez Fecha del último préstamo Copia número Tipo de ítem Koha Nota pública
        CENTRO DE INFORMACIÓN BIBLIOTECARIA CENTRO DE INFORMACIÓN BIBLIOTECARIA 17/09/2020 129.00 0000000000000000035248 3 80348 17/11/2025 06/11/2025 1 Libros Compra SIMON PEÑA
        CENTRO DE INFORMACIÓN BIBLIOTECARIA CENTRO DE INFORMACIÓN BIBLIOTECARIA 17/09/2020 129.00 0000000000000000035164   80571     2 Libros Compra SIMON PEÑA

Copyright 2025 ESPOL. Todos los derechos reservados.